| 000 | 00887cam a22002532 4500 | ||
|---|---|---|---|
| 001 | 0000024176 | ||
| 005 | 20151021151151.0 | ||
| 008 | 130617s xx 000 0 eng d | ||
| 020 | _a0077129423 : | ||
| 040 |
_aKABU _cKABU |
||
| 100 | 1 |
_aGrinblatt, Mark. _@0000184139 |
|
| 245 | 1 | 0 |
_aFinancial markets and corporate strategy / _cMark Grinblatt, Sheridan Titman, David Hillier. |
| 250 | _a2nd European ed. | ||
| 260 |
_aLondon : _bMcGraw-Hill, _c2012. |
||
| 300 | _axxiv, 854 p. | ||
| 650 | 0 |
_aFinancial institutions _zUnited States. _@0000152460 |
|
| 650 | 0 |
_aCorporations _xFinance _zUnited States. _@0000184140 |
|
| 650 | 0 |
_aStrategic planning _zUnited States. _@0000180955 |
|
| 700 | 1 |
_aTitman, Sheridan. _@0000184141 |
|
| 700 | 1 |
_aHillier, David. _@0000184142 |
|
| 852 | 1 | _9p3560 KES | |
| 908 | _a130617 | ||
| 950 | _@1 | ||
| 999 |
_c1418 _d1418 |
||